[Event "Gashimov Memorial 6th"]
[Site "Shamkir"]
[Date "2019.04.08"]
[Round "8"]
[White "Karjakin, Sergey"]
[Black "Carlsen, Magnus"]
[Result "0-1"]
[WhiteElo "2753"]
[BlackElo "2845"]
[Annotator "Nielsen,Peter Heine"]
[PlyCount "78"]
[EventDate "2019.03.31"]
[EventType "tourn"]
[EventRounds "9"]
[EventCountry "AZE"]
[EventCategory "22"]
[SourceTitle "CBM 190"]
[Source "ChessBase"]
[SourceDate "2019.06.30"]
[SourceVersion "1"]
[SourceVersionDate "2019.06.30"]
[SourceQuality "1"]

1. e4 c5 $5 {Considering the tournament standings, maybe made this a somewhat surprising move. Magnus was leading the tournament by ½ a point ahead of Karjakin who then had a further 1 point to the rest of the field. Meaning for Karjakin this was almost a " must-win" situation as if the game was drawn he would need not only to score half a point more in the final round, but also to win a playoff. Even so Magnus stayed loyal to the Sveshnikov which generally does promise solidity, but as shown in the London WC match does allow one way for White to get a very complex battle:} 2. Nf3 Nc6 3. d4 cxd4 4. Nxd4 Nf6 5. Nc3 e5 6. Ndb5 d6 7. Nd5 $5 {Karjakin takes up the gauntlet and follow in Caruanas footsteps. After London Magnus won with the black pieces against Van Forest in Wijk aan Zee as well as Navara earlier in Shamkir. Magnus said after the game that he was indeed exited to see 7.Nd5 on the board as it always leads to very exiting positions. And that while the engines indeed seems to give a preference for White, people tend to underestimate the human factor and that Black's position is easier to play, as he generally tries to aim for the opponent's king, while White has to balance positional gains on the queenside with also caring about the security of his own king.} Nxd5 8. exd5 Ne7 $5 {The move from game 12 of the match as well as the tiebreaker and vs. Van Forest. 8...Nb8 is of equal value and was seen in game 8 & 10 as well as vs. Narvara, meaning for Karjakin it was impossible to know for sure which move to expect.} 9. c4 Ng6 10. Qa4 Bd7 11. Qb4 Bf5 {The move from game 12, later Magnus preferred 11...Qb8. Anyway this is very much a theoretical debate in progress where the status very much is unsettled. Actually a rare occurence these days that suddenly an oasis of almost untouched but very interesting positions suddenly occurs in a popular opening variation at the highest level.} 12. Qa4 Bd7 13. Qb4 Bf5 14. h4 h5 15. Bg5 $5 {Karjakin of course comes prepared and plays the critical move. Caruana went 15.Be3 but got into trouble before the game controversially ended in a sudden draw.} Qb8 16. Be2 a6 17. Nc3 Qc7 {In principle only this is the novelty, as 17...Nf4 18 Bf1 Be7 19 Bxe7 Kxe7 20 g3 Ng6 21 Qb6 was played in the game Houdini- Stockfish which Grischuk pointed out during his interesting live commentary during game 12 of the WC match. Magnus' idea, however, is very different and much more human. He does not want to leave his king vulnerable in the centre, on the contrary it will be hidden safely away before he launches an attack on the enemy king. That the price is the h5-pawn is of no significance. Black is playing for mate!} (17... Nf4 18. Bf1 Be7 19. Bxe7 Kxe7 20. g3 Ng6 21. Qb6 {Houdini- Stockfish.}) 18. g3 Be7 19. Be3 e4 $1 {That's the key point. Playing ...Nf8-d7 and covering h5 before castling of course is possible, but this is so much more temptin, as the knight on e5 touches vital squares at f3 and d3 and starts making the "aggressive" h4 and g3 by White look like weaknesses.} 20. O-O O-O 21. Bxh5 Ne5 22. Be2 $146 ({RR} 22. Bd4 Nd3 23. Qb3 Bxh4 24. gxh4 Qe7 25. Ne2 Qxh4 26. Ng3 Nf4 27. Nxf5 Qxh5 28. Qg3 Ne2+ 29. Kg2 Nxg3 30. Ne7+ Kh7 31. fxg3 Kh6 32. Rh1 Qxh1+ 33. Rxh1+ Kg5 34. Bxg7 Rfe8 35. Rf1 e3 36. Bf6+ {1-0 (36) Tsolakidou,S (2389)-Buksa,N (2377) Budva MNE 2023}) ({RR} 22. Bd4 Nd3 23. Qb3 Bxh4 24. gxh4 Qe7 25. Ne2 Qxh4 26. Ng3 Nf4 27. Nxf5 Qxh5 28. Qg3 Ne2+ 29. Kg2 Nxg3 30. Ne7+ Kh7 31. fxg3 Kh6 32. Rh1 Qxh1+ 33. Rxh1+ Kg5 34. Bxg7 Rfe8 35. Rf1 e3 36. Bf6+ {1-0 (36) Tsolakidou,S (2389)-Buksa,N (2377) Budva MNE 2023}) 22... Qd7 {White won a pawn, but Black immediately zooms in on the sore spots in White's position, immediately threatening 23...Bg4 followed by a deadly invasion on the f3 square.} 23. Qa4 Qc8 $1 {Obviously not allowing the exchange of queens, while still upholding the threat of ...Bg4, meaning Karjakin has to act.} 24. c5 $6 {Too ambitious, and now tipping the game in Black's favour.} (24. Qd1 $1 {was the right move, controlling g4. Indeed Black is perfectly fine} Nxc4 {when} 25. Bxc4 Qxc4 26. Bd4 {leads to an equal position.}) {That is, however, the best White's position had on offer, as now things are only to get worse. Much worse.} 24... dxc5 25. Nxe4 c4 $5 {Magnus was happy with this move after the game. 25...b5 also was possible, forcing White to "self-pin" with 26 Qc2. But as the computer shows, after 25...c4 26 Qc2! is still the best move, so why "force" White in the right direction?} 26. Nc3 b5 $1 {Magnus said that he saw 26...Bd3 27.Bxd3 Nf3+ 28.Kg2 Nxh4+ forcing a draw by perpetual, but that while for the tournament situation this would indeed be a good result, Black's attacking options are just too tempting to pass on.} (26... Bd3 27. Bxd3 Nf3+ 28. Kg2 Nxh4+ $11) 27. Qd1 b4 $1 {Another forceful move. Sure it does ruin the solidity of Black's pawnstructure, but much more importantly it forces White's knight basically as far away as possible from the kingside where the game is going to be decided, as well as it allows Black's bishop access to the e4 square.} 28. Na4 Be4 29. Qd4 ({If} 29. f3 {then} Qh3 $1 {decides.}) 29... Qf5 30. f4 $2 {Logical, but leaving Black with a winning position.} ({The absolutely last chance was} 30. f3 $1 {when after} Nxf3+ (30... Bxf3 31. Rae1 $1 {and White very much fights on}) 31. Bxf3 Bxf3 32. Qf4 {White defends.}) {While now with a couple of powerful moves, Magnus shows his attacking skills.} 30... Qg6 $1 {A great intermezzo. By attacking g3, Black forces White into unprotecting the f4 pawn.} (30... Nd3 31. g4 $1 Qh7 32. h5 {is much less clear.}) 31. Bf2 Nd3 32. h5 Qf5 $1 {This is the big difference, the basic point being that 33.g4 Qxf4 now is possible due to the bishop on f2 blocking the rook on f1.} (32... Nxf4 {might look tempting, but after} 33. Rae1 Qf5 34. Bg4 $3 {the tables are completely turned as} Qxg4 35. Rxe4 Ne2+ 36. Kg2 $1 {wins for White.}) 33. Bg4 {Better was 33.Bxd3, still however leading to a winning position for Black after either recapture.} Qxg4 34. Qxe4 Bd6 {Of course threatening to take on f4, but while that is possible to prevent, the main theme is that Black's knight on d3 protects the e1-square meaning that his rooks can penetrate unopposed in the e-file.} 35. Qg2 Rae8 $1 36. Bd4 Qxh5 $1 {Precision to the end.} (36... Re2 37. Qf3 $1 {would force off the queens, leaving White with some hope in an indeed bad ending.}) {Now, however, 37...Re2 is a deadly threat as 38.Qf3 would then allow mate on h2.} 37. Qf3 Qg6 $1 {Again seemingly slow, but like in move 34 Black uses the threat to the f4 pawn to gain time for his real aims.} 38. Kh1 Re4 $1 39. Bf2 Rfe8 {Blacks threats are numerous. 39...Nxf4, 39...Re2 or 39...Nxf2+ followed by 40...Re3. Karjakin had seen enough and resigned meaning Magnus won the Shamkir tournament with a round to spare, but also scored his 4th (!) win in a row vs. 7.Nd5. Similarities to Kasparov's dominance tournament-wise as well as his Kings Indian come to mind.} 0-1

[Event "Gashimov Memorial 6th"]
[Site "Shamkir"]
[Date "2019.04.09"]
[Round "9"]
[White "Carlsen, Magnus"]
[Black "Grischuk, Alexander"]
[Result "1-0"]
[WhiteElo "2845"]
[BlackElo "2771"]
[Annotator "Nielsen,Peter Heine"]
[PlyCount "77"]
[EventDate "2019.03.31"]
[EventType "tourn"]
[EventRounds "9"]
[EventCountry "AZE"]
[EventCategory "22"]
[SourceTitle "CBM 190"]
[Source "ChessBase"]
[SourceDate "2019.06.30"]
[SourceVersion "1"]
[SourceVersionDate "2019.06.30"]
[SourceQuality "1"]

1. e4 {Sagar,Shah} e5 2. Nf3 Nc6 3. Bb5 Nf6 {Trailing Magnus by 1½ point meant Grischuk had instead to care about the fight for 2nd place which he before the round was sharing with Ding and Karjakin. And thus he chooses the Berlin's solidity over the Najdorf's aggressiveness.} 4. d3 Bc5 5. c3 O-O {Earlier in the tournament Grischuk had played the popular 5...d5 vs. Vishy, but now reverts to the main line.} 6. O-O d6 7. Ba4 $5 {A move that by itself should explain the popularity of the Berlin. If White anyway voluntarily will play Ba4, then 3...a6 must be really a bad move! More seriously this is the kind of position where White anyway would make "half-moves" like 7.h3 or 7.Re1 meaning Ba4 can't be that much more worse as a waiting move. Still, it does look odd indeed!} ({RR} 7. Nbd2 Ne7 8. d4 exd4 9. cxd4 Bb6 10. Re1 Bg4 11. Qb3 d5 12. e5 Nd7 13. h3 Bh5 14. Qd1 f6 15. e6 Nb8 16. g4 Bg6 17. Nf1 Qd6 18. Ng3 Nbc6 19. Bxc6 bxc6 20. a4 Ba5 21. Bd2 Bxd2) 7... Ne7 8. Bc2 Ng6 9. d4 Bb6 10. a4 $5 {Apart from the obvous threat of 11.a5 winning a piece, White's general concept is that he will push his pawn as forward as possible, then create confusion on the other side of the board, and use that to then queen his a-pawn. If that sounds like a fairytale, have a look at the remainder of the game!} c6 11. dxe5 $5 {Very simplistic. White has just gotten the advantage in the centre, but now immediately creates a symmetrical structure only for the sake of being able to push the a-pawn.} Nxe5 {Going by logic, Black does very little wrong in this game, but should something be mentioned, it's this. Black now exchanges a knight he has spent several tempi relocating to g6, against its white counterpart that only had moved once so far.} 12. Nxe5 dxe5 13. Qxd8 Rxd8 14. a5 {For what it's worth, Magnus achieved his aim.} Bc5 {The active choice. 14...Bc7 is obviously more passive, but does have an important idea in mind: After 15 Be3 Be6 16 f3 b6!? Black forces White into a decision on the queenside. 17 a6!? obviously being the critical move, but as Black has not played ...b5 it means that a7 is now not a target and that its very unclear if White's pawn on a6 is a weakness or an asset. Of course 17 axb6 is possible, but then Black's operation has been a sucess in the sense that White's queenside pressure has evaporised.} (14... Bc7 15. Be3 Be6 16. f3 b6 $5 17. a6 $5) 15. Nd2 Be6 16. Re1 {As 16.Nb3 Nxe4! is possible, White first has to consolidate before continuing with his plan. Now 16...Nd7 17.Nb3 Be7 is possible, but after 18.Be3, at least by sight, White does have a small edge due to the vulnerability of Black's queenside structure. And with Black obviously having playing solidly and logically till now, why should Grischuk start making concession?} b5 $146 {Grabbing space and potentially threatening ...a6, when Black might even start claiming that White's pawn is a weakness. White on the other hand is not that thrilled about pushing a6 himself too early, as it would give Black access to the b6 square for his bishop.} ({RR} 16... Ne8 17. Nb3 Be7 18. f3 b6 19. Be3 c5 20. Nd2 f6 21. g3 c4 22. Ba4 Rab8 23. axb6 axb6 24. Bxe8 Rxe8 25. Ra6 Red8 26. Nf1 Bh3 27. Nd2 b5 28. Kf2 h5 29. f4 b4 30. fxe5 bxc3 31. bxc3 {Praggnanandhaa,R (2536)-Heimann,A (2627) Brest 2019 CBM 190 Extra [Sagar,Shah] ½-½ (67)}) 17. Nb3 Bxb3 {Obviously a debatable move, but also typical of Grischuks "high-level" style. Not limiting himself to just general considerations like " White now has the pair of bishops", Grischuk goes beyond that and claims that yes, White of course gets the pair of bishops, but in return I get control of the d-line and avoid the else moderately akward pressure against my queenside. As well my minor piece are immediately active, while White's pair of bishops indeed struggle to find squares to develop to naturally. 17...Nd7!? however might have been the better way. 18.Nxc5 Nxc5 19.Be3 Bb3! forces an interesting opposite colored bishop postion after 20.Bxc5 Bxc2 21.a6. The human perspective is that Black's pawn on a7 will be an eternal weakness, and rook exchanges will not magnify that problematic. However, Black can argue that as he controls the d-file White has no way to make progress, while Black will just double his rooks on d7 and d8, solidly covering the a7-pawn, basically with an impregnable fortress, at least if the engines are to be believed.} (17... Nd7 $5 18. Nxc5 Nxc5 19. Be3 Bb3 $1 20. Bxc5 Bxc2 21. a6) 18. Bxb3 Ng4 {Active, but not really creating more than an easily parried threat. 18...Rab8!? 19..Kf1 b4 means both black rooks will be in control of the open files, but after 20.Ba4!? White does limit Black's immediate actitivy and at the same time starts attacking Black's weaknesses.} (18... Rab8 $5 19. Kf1 b4 20. Ba4 $5) 19. Re2 Rd6 {Creating the threat of 20...Nxf2 21.Rxf2 Rf6!} 20. Bg5 Kf8 21. Rf1 $1 {Putting pressure on f2, Grischuk might have forced this "passive" move, but actually only the first part of the sentence is true. White indeed had no choice, but to put his rook on f1, but happily does so, as it fits very well with the next part of his expansion plans:} Nf6 22. g3 $1 {Another beautiful move combining the neccesary with the useful. With f4 potentially being White's way to progress, removing his king from the pin in the g1-a7 diagonal is mandatory and this also adds the option of recapturing with the g-pawn on f4, as well as opening a route towards the centre for White's king via g2 and later f3.} a6 23. Kg2 Nd7 24. Bc1 $1 {Answering the question to which square White should develop his bishop. The key part was getting his a1 rook into play, and with that accomplished White's dark-squared bishop happily returns to its original square where its safely "out of the way", while still being ready to join the battle immediately at any given opportunity.} Ba7 25. f4 f6 26. h4 $1 {My first acquaintance with Magnus was a guest lecture at a youth camp for the youngest group of Norwegian talents. I spoke of Larsen, and obviously had a set of exercices where the correct answer always was to push the h-pawn! Natasha Regan and Matthew Sadler's fascinating "Gamechanger" devotes a full chapter to Alphazero's preference compared to normal engines in pushing its flank pawns much more agressively. It would have warmed the Danish giant's heart to know that a theme he consistently wrote of being underestimated in chess, now is being uphold and refined by the cutting-edge technology. If a5 and h5 looks odd to you in this game, just think of the importance of having the black weak pawn at a6, and the access to g6 for White's bishop. It's those details that make Black's position collapse, and they are created exactly by advancing White's flank pawns.} Re8 27. h5 h6 28. Ba2 c5 {With hindsight a very easy move to criticise, but as Grischuk pointed out at the press conference, this exactly should be the one. To him it looked like now was the perfect timing, as White due to the weakness of the e4-pawn still seemingly needs a move to consolidate before taking agressive measures. That premise being wrong, Black's best would have been to seek counterplay with 28...exf4 29.gxf4 Nc5, the idea being 30.e5 Nd3! with Black still being in the game.} (28... exf4 29. gxf4 Nc5 30. e5 Nd3 $1) 29. Be3 $1 {An easy move to miss, as it indeed sacrifices a full central pawn. 29.c4 is the alternative given by the computers which funnily at the same time blocks both Black's bishop on a7, but also White's at a2! White is better, but in a much less spectacular way than in the game.} exf4 30. gxf4 Rxe4 31. Bb1 Re7 32. Rfe1 {White has given away a full pawn, but has the killing threat of 33.Bg6 when 34.Bxc5 becomes deadly due to mating motifs on the e8 square.} f5 $2 {The surprising 32...Nb8! was the way to fight on, with the hope of ...Nc6, Rdd7 and c4. Obviously white will prevent this liberation attempt, most forcefully with 33 Kf3 Nc6 34 Bf5!? stopping the rook entering d7, and replying to 34...c4? with 35.Bxa7 Rxe2 36.Rxe2 Nxa7 37.Bg6! Rd8 38. Re6! picking up the pawn on a6 and winning easily.} (32... Nb8 $5 33. Kf3 Nc6 34. Bf5 $5 c4 $2 35. Bxa7 Rxe2 36. Rxe2 Nxa7 37. Bg6 Rd8 38. Re6 $1 $18 {[%cal Ge6a6]}) 33. Bxf5 Nf6 34. Kf3 Nd5 {Grischuk said that at sight this move looked like counterplay to him, but Magnus' next move was a cold shower:} 35. Rd2 $1 {White was better anyway, but as often in favourable positions the tactics also works in your favour. 35...Nxe3 36 Rxd6 Nxf5 37.Rxe7 is just winning for White, as the rook and passed pawn easily outmanoeuvre Black's 2 minor pieces, 37...Nxe7 38 Rxa6 Bb8 39 Ra8! Nc6 40.a6 followed by 41.Rxb8 Nxb8 42.a7 being a sample line. 35...Bb8 was a line the players both looked at, but discareded due to 36.Bxc5! Rxe1 37.Rxd5 when 37...Ke7 is met with the pretty 38.Re5+! as after 38...Rxe5 39.fxe5 White ends up with an extra piece.} Rd8 (35... Nxe3 36. Rxd6 Nxf5 37. Rxe7 Nxe7 38. Rxa6 Bb8 39. Ra8 $1 Nc6 40. a6 Z0 41. Rxb8+ Nxb8 42. a7) (35... Bb8 36. Bxc5 $1 Rxe1 37. Rxd5 Ke7 38. Re5+ $1 Rxe5 39. fxe5 $18) 36. Be4 Red7 37. Red1 {No tactical magic is needed anymore. Despite being nominally a pawn down, White aims for general exchanges!} Nf6 38. Rxd7 Nxd7 {38...Rxd7 maybe was more illustrative as after 39.Rxd7 Nxd7 40.Bb7 Nb8 41.Ke4 black is completely tied up with the bishop unable as the knight needs to block its only aviable square in order to defend the pawn at a6.} (38... Rxd7 39. Rxd7 Nxd7 40. Bb7 Nb8 41. Ke4) 39. Rd6 $1 {[%cal Gd6a6] And here Grischuk resigned. White will win the a-pawn and then basically mechanically queen it after Rxa6 Bb8 Ra8 followed by a6+a7.  In many ways an amazing game. White got nothing out of the opening, and Black's moves from there all looked healthy and with logic. To use the words of Grischuk himself: "Magnus played incredibly well."} (39. Rd6 $1 {[%cal Gd6a6]} Z0 40. Rxa6 Bb8 41. Ra8 {[%cal Ga5a8]}) 1-0